Robert Frost

Uloženo v:
Podrobná bibliografie
Hlavní autor: Gerber, Philip L (Autor)
Médium: Kniha
Jazyk:angličtina
Vydáno: Boston Twayne Publishers 1982
Edice:Twayne's United States Authors Series. TUSAS, 107
Témata:
Tagy: Přidat tag
Žádné tagy, Buďte první, kdo vytvoří štítek k tomuto záznamu!

MARC

LEADER 00000nam a2200000 a 4500
001 UCQ2520
003 CL-VaPUC
008 980724e19820000US |||||||||||||||||eng|d
082 0 4 |a 811.09  |b GER  |2 21 
100 |a Gerber, Philip L  |e author  |9 416475 
245 1 0 |a Robert Frost 
300 |a 203 p 
942 |c BK 
945 |d 19980724 00:00:00  |a crobeson 
260 |a Boston  |b Twayne Publishers  |c 1982 
600 0 7 |a FROST, ROBERT  |2 CL-VaPUC  |9 333007 
650 0 |a Poesía estadounidense  |9 265065 
650 0 |a Literatura estadounidense  |9 317168 
650 0 |a Crítica e interpretación   |9 255042 
650 0 |a Crítica literaria   |9 269189 
583 |a last modification  |c 19980724 00:00:00  |k Rodrigo Vera 
490 0 |a Twayne's United States Authors Series. TUSAS, 107 
999 |c 273338  |d 273336 
952 |0 0  |1 0  |4 0  |6 811_090000000000000_GER_1982  |7 0  |8 A  |9 308795  |a BIBEDU  |b BIBEDU  |d 2019-11-20  |i 1448501  |o 811.09 GER 1982  |p 1448501  |r 2019-11-20  |w 2019-11-20  |y BK  |k LIT